Catalog

Record Details

Catalog Search



Soccer longshot / written by C.J. Renner ; ... Read More

Renner, C. J.(Author).
Aburto, Jesus,(illustrator.).

Available copies

  • 0 of 1 copy available at LARL/NWRL Consortium.
  • 0 of 1 copy available at Northwest Regional Library. (Show preferred library)

Current holds

1 current hold with 1 total copy.

Show Only Available Copies
Location Call Number / Copy Notes Barcode Shelving Location Status Due Date
Red Lake Falls Public Library j G REN (Text) 35500006877300 Main On holds shelf -

Record details

  • ISBN: 9781434222411
  • ISBN: 1434222411
  • ISBN: 9781434234025
  • ISBN: 1434234029
  • Physical Description: 49 pages : color illustrations ; 20 cm.
  • Publisher: Mankato, Minn. : Stone Arch Books, ©2012.

Content descriptions

Summary, etc.:
Matty is the captain of the local soccer club, the ... Read More
Target Audience Note:
008-014.
RL: 1.1.
GRL: J.
Subject: Soccer stories.
Graphic novels.
Soccer > Fiction.
Soccer stories.
Genre: Sports stories.
Graphic novels.
Graphic novels.
LDR 02884cam a2200673 a 4500
001467944
003LARL_NWRL_CONSORTIUM
00520250725123132.0
008110303s2012 mnua c 6 000 1 eng c
010 . ‡a 2011008314
040 . ‡aZQP/DLC ‡beng ‡cDLC ‡dBDX ‡dQBX ‡dBTCTA ‡dOCLCQ ‡dOCLCO ‡dOCLCF ‡dYDXCP ‡dATIOC ‡dCHILD ‡dOCLCQ ‡dOCLCO ‡dO2C ‡dNTAUP ‡dT3V ‡dOCLCO ‡dLKC ‡dOCLCO ‡dJZ6 ‡dOCLCO ‡dCHBRC ‡dOCLCO ‡dTXHLC ‡dOCL ‡dOCLCO ‡dOCLCQ ‡dOCLCL ‡dIG#
019 . ‡a1016623046 ‡a1057127207 ‡a1149233914
020 . ‡a9781434222411 ‡q(library binding)
020 . ‡a1434222411 ‡q(library binding)
020 . ‡a9781434234025 ‡q(pbk.)
020 . ‡a1434234029 ‡q(pbk.)
035 . ‡a(OCoLC)705717098 ‡z(OCoLC)1016623046 ‡z(OCoLC)1057127207 ‡z(OCoLC)1149233914
037 . ‡bCapstone Pr Inc, 151 Good Counsel Dr, Mankato, MN, USA, 56002, (952)3520028 ‡nSAN 254-1815
042 . ‡acyac ‡apcc
08200. ‡a741.5/973 ‡222
1001 . ‡aRenner, C. J.
24510. ‡aSoccer longshot / ‡cwritten by C.J. Renner ; penciled by Aburtov ; inked by Andres Esparza ; colored by Fernando Cano.
260 . ‡aMankato, Minn. : ‡bStone Arch Books, ‡c©2012.
300 . ‡a49 pages : ‡bcolor illustrations ; ‡c20 cm.
336 . ‡atext ‡btxt ‡2rdacontent
337 . ‡aunmediated ‡bn ‡2rdamedia
338 . ‡avolume ‡bnc ‡2rdacarrier
4900 . ‡aSports illustrated kids. Graphic novels
5211 . ‡a008-014.
5210 . ‡aRL: 1.1.
5218 . ‡aGRL: J.
520 . ‡aMatty is the captain of the local soccer club, the Strikers, but he needs a girl named Lola and a group of streetballers to teach him to play with flare and intensity.
650 0. ‡aSoccer stories. ‡0(LARL_NWRL_CONSORTIUM)40652
650 1. ‡aGraphic novels. ‡0(LARL_NWRL_CONSORTIUM)40036
650 1. ‡aSoccer ‡vFiction. ‡0(LARL_NWRL_CONSORTIUM)176169
650 7. ‡aSoccer stories. ‡2fast ‡0(LARL_NWRL_CONSORTIUM)40652
655 7. ‡aSports stories. ‡2fast
655 7. ‡aGraphic novels. ‡2fast
655 7. ‡aGraphic novels. ‡2lcgft
7001 . ‡aAburto, Jesus, ‡eillustrator.
901 . ‡a467944 ‡bAUTOGEN ‡c467944 ‡tbiblio

Additional Resources